Tekst kolędy "Gdy się Chrystus rodzi" - Statystyki

Ogólne statystyki
  • Ten quiz został rozwiązany 228 razy
  • Średni wynik to 9 z 22
Statystyki odpowiedzi
Tekst % Poprawnych
Gdy się {Chrystus} rodzi i na świat przychodzi,
99%
{Aniołowie} się radują, pod niebiosy wyśpiewują:
85%
Bo się narodził {Zbawiciel}, wszego świata Odkupiciel. Gloria...
82%
Aby do {Betlejem} czym prędzej pobiegli,
81%
Mówią do {pasterzy}, którzy trzód swych strzegli,
80%
Ciemna noc w jasności promienistej {brodzi}.
64%
Powiedzcież wyraźniej, co nam czynić {trzeba},
64%
Oddajcie Mu pokłon boski, on osłodzi wasze {troski}. Gloria...
49%
Bo my nic nie pojmujemy, ledwo od {strachu} żyjemy. Gloria...
45%
W pieluszki powite, w żłobie {położone}.
38%
O niebieskie {duchy} i posłowie nieba,
37%
Gloria, Gloria, Gloria {in} {excelsis} {Deo}!
36%
Idźcie do Betlejem, gdzie Dziecię {zrodzone},
28%
Padli przed Nim na {kolana} i uczcili swego Pana. Gloria...
26%
Iż się {Bóg} tak zniżył do swego stworzenia,
19%
Nareszcie gdy {pokłon} Panu już oddali,
19%
A gdy {pastuszkowie} wszystko zrozumieli,
17%
Że się stali być godnymi Boga {widzieć} na tej ziemi. Gloria...
7%
I zupełnie tak zastali, jak anieli im {zeznali}. Gloria...
6%
Zaraz do Betlejem {spieszno} pobieżeli
6%
A {stanąwszy} w miejscu pełni zadumienia,
5%
Z wielką {wesołością} do swych trzód wracali,
4%
Nie znaleziono quizów pasujących do podanych kryteriów
Rozkład punktacji
Procent ludzi z każdym wynikiem
Percentyl według liczby udzielonych odpowiedzi
Twoja historia wyników
Nie rozwiązałeś tego quizu